[Event "2. Bundesliga Mitte 2016/2017"]
[Site "Leoben, Wolfsberg/Taufkirchen/Fuerstenfeld, Grieskirchen, St. Veit"]
[Date "2016.10.09"]
[Round "3"]
[Board "4"]
[White "Singer, Christoph"]
[Black "Watzka, Horst"]
[Result "1-0"]
[WhiteElo "2333"]
[BlackElo "2165"]
[PlyCount "93"]
[EventDate "2016.10.07"]
[EventType "team"]
[EventRounds "11"]
[EventCountry "AUT"]
[WhiteTeam "Spg. Grieskirchen/Schallerbach"]
[BlackTeam "RbEJ Gleisdorf"]

1.e4 e5 2.Nf3 Nc6 3.Bc4 Nf6 4.d3 Be7 5.O-O O-O 6.Re1 d6 7.c3 Na5 8.Bb5 c5 9.h3 a6
10.Ba4 b5 11.Bc2 Nc6 12.d4 cxd4 13.cxd4 Bb7 14.d5 Nb4 15.Bb3 a5 16.a3 Na6 17.Nc3 Nc5
18.Bg5 Ba6 19.Bxf6 Bxf6 20.Bc2 Qb6 21.b4 Nd7 22.Bd3 Rfc8 23.Qd2 Rc7 24.Rec1 Rac8 25.Ne2
a4 26.Rxc7 Rxc7 27.Rc1 Rxc1+ 28.Qxc1 Bd8 29.Qc6 Qxc6 30.dxc6 Nb8 31.Nc3 Nxc6 32.Bxb5
Bxb5 33.Nxb5 f5 34.Nxd6 Nxb4 35.axb4 Be7 36.Nc4 Bxb4 37.exf5 a3 38.Nxa3 Bxa3 39.Nxe5
Kf8 40.g4 Ke7 41.Kg2 Kf6 42.Nc4 Bc5 43.Kg3 Ba7 44.Nd2 h6 45.f4 Bb8 46.Kf3 Bc7 47.Ke4 1-0

[Event "2. Bundesliga Mitte 2016/2017"]
[Site "Leoben, Wolfsberg/Taufkirchen/Fuerstenfeld, Grieskirchen, St. Veit"]
[Date "2016.10.09"]
[Round "3"]
[Board "5"]
[White "Wanderer, Thomas"]
[Black "Salvenmoser, Stefan"]
[Result "1/2-1/2"]
[WhiteElo "2199"]
[BlackElo "2177"]
[PlyCount "96"]
[EventDate "2016.10.07"]
[EventType "team"]
[EventRounds "11"]
[EventCountry "AUT"]
[WhiteTeam "RbEJ Gleisdorf"]
[BlackTeam "Spg. Grieskirchen/Schallerbach"]

1.e4 c5 2.Nc3 a6 3.a4 Nc6 4.g3 Nf6 5.Bg2 e6 6.Nge2 d5 7.d3 d4 8.Nb1 e5 9.O-O Be7 10.h3
O-O 11.f4 Ne8 12.g4 Bd7 13.Nd2 Rc8 14.Nf3 f6 15.Ng3 exf4 16.Bxf4 Bd6 17.Bxd6 Nxd6
18.c3 Be6 19.c4 Nf7 20.Qd2 Qa5 21.Qxa5 Nxa5 22.b4 Nc6 23.bxc5 Nfe5 24.Ra3 Rfd8 25.Rb1
Nxf3+ 26.Bxf3 Ne5 27.Kf2 Rd7 28.Rb6 Bxc4 29.dxc4 Nxc4 30.Rd3 Nxb6 31.cxb6 Rc4 32.a5
Rc2+ 33.Ne2 Ra2 34.Kg3 Rxa5 35.Rxd4 Rxd4 36.Nxd4 g6 37.Bd1 Ra3+ 38.Bb3+ Kf8 39.Kf4
Ke7 40.e5 fxe5+ 41.Kxe5 Ra1 42.Bd5 Rb1 43.Nb3 Rb2 44.Kd4 Rb1 45.Kc3 Rd1 46.Bxb7 Rd6
47.Bxa6 Rxb6 48.Bd3 Kf6 1/2-1/2

[Event "2. Bundesliga Mitte 2016/2017"]
[Site "Leoben, Wolfsberg/Taufkirchen/Fuerstenfeld, Grieskirchen, St. Veit"]
[Date "2016.10.09"]
[Round "3"]
[Board "6"]
[White "Schwabeneder, Alois"]
[Black "Ofner, Maximilian"]
[Result "0-1"]
[WhiteElo "1987"]
[BlackElo "2163"]
[PlyCount "118"]
[EventDate "2016.10.07"]
[EventType "team"]
[EventRounds "11"]
[EventCountry "AUT"]
[WhiteTeam "Spg. Grieskirchen/Schallerbach"]
[BlackTeam "RbEJ Gleisdorf"]

1.Nf3 d5 2.c4 e6 3.e3 Nf6 4.b3 Be7 5.Bb2 O-O 6.Qc2 c5 7.cxd5 Nxd5 8.a3 Bf6 9.Nc3 b6
10.Nxd5 Bxb2 11.Qxb2 Qxd5 12.Bc4 Qh5 13.Qe5 Qxe5 14.Nxe5 f6 15.Nd3 a6 16.Nf4 Kf7 17.Bd3
g5 18.Be4 Ra7 19.Nd3 Bb7 20.Bxb7 Rxb7 21.Rc1 Rd8 22.Ke2 Rbd7 23.Rc3 Nc6 24.Rd1 Na7
25.Nb2 Nb5 26.Rd3 Rxd3 27.Nxd3 e5 28.f3 Ke6 29.Rc1 Kd5 30.Nf2 Nxa3 31.Ra1 Nb5 32.Rxa6
Kc6 33.Ne4 f5 34.Nc3 Nxc3+ 35.dxc3 e4 36.Ra1 Rd3 37.Rc1 Kb5 38.g4 f4 39.exf4 Rxf3
40.f5 h5 41.h3 Rxh3 42.gxh5 Kc6 43.Rf1 Kd7 44.b4 cxb4 45.cxb4 Ke7 46.f6+ Kf7 47.Rf5
Rxh5 48.b5 Rh3 49.Rxg5 Kxf6 50.Rd5 Ke6 51.Rg5 Kd6 52.Rf5 Rf3 53.Rg5 Rf6 54.Ke3 Re6
55.Rh5 Re5 56.Rh6+ Kc5 57.Kf4 Re8 58.Rh5+ Kd4 59.Rh6 e3 0-1

[Event "2. Bundesliga Mitte 2016/2017"]
[Site "Leoben, Wolfsberg/Taufkirchen/Fuerstenfeld, Grieskirchen, St. Veit"]
[Date "2016.10.09"]
[Round "3"]
[Board "1"]
[White "Freitag, Manfred"]
[Black "Branding, Volker"]
[Result "1-0"]
[WhiteElo "2386"]
[BlackElo "2167"]
[PlyCount "111"]
[EventDate "2016.10.07"]
[EventType "team"]
[EventRounds "11"]
[EventCountry "AUT"]
[WhiteTeam "SPG Spk. Fuerstenfeld/Hartberg"]
[BlackTeam "SV Gmunden"]

1.d4 c5 2.d5 g6 3.c4 Bg7 4.Nc3 d6 5.e4 Nf6 6.Bd3 O-O 7.h3 Na6 8.Nf3 Nc7 9.O-O b5 10.cxb5
a6 11.Re1 axb5 12.Nxb5 Nd7 13.a4 Ba6 14.Ra3 Nb6 15.Nxc7 Qxc7 16.Bxa6 Rxa6 17.b3 Rfa8
18.Qc2 Qb7 19.Be3 Nd7 20.Rb1 Rb6 21.Bd2 Rb8 22.a5 Qa6 23.Ra4 R6b7 24.Be1 Qb5 25.Qc4
Kf8 26.Qxb5 Rxb5 27.Kf1 Ke8 28.Ke2 h6 29.b4 Kd8 30.Bd2 Ra8 31.a6 Nb6 32.Ra2 Kc7 33.Rc1
Nd7 34.bxc5 Nxc5 35.e5 Kb6 36.exd6 exd6 37.Be3 Rxa6 38.Rxa6+ Kxa6 39.Bxc5 dxc5 40.Kd3
Kb6 41.Nd2 Bd4 42.f3 Kc7 43.Rb1 Ra5 44.Nc4 Ra7 45.g4 Bf6 46.Rb6 Bd4 47.Ke4 Kd7 48.f4
Ke7 49.f5 gxf5+ 50.gxf5 Bf6 51.d6+ Kd7 52.Kd5 Bd8 53.Ne5+ Ke8 54.Rb8 Ra1 55.f6 Ra7
56.Rxd8+ 1-0

[Event "2. Bundesliga Mitte 2016/2017"]
[Site "Leoben, Wolfsberg/Taufkirchen/Fuerstenfeld, Grieskirchen, St. Veit"]
[Date "2016.10.09"]
[Round "3"]
[Board "2"]
[White "Rolletschek, Heinrich"]
[Black "Poetz, Florian"]
[Result "0-1"]
[WhiteElo "2170"]
[BlackElo "2385"]
[PlyCount "76"]
[EventDate "2016.10.07"]
[EventType "team"]
[EventRounds "11"]
[EventCountry "AUT"]
[WhiteTeam "SV Gmunden"]
[BlackTeam "SPG Spk. Fuerstenfeld/Hartberg"]

1.e4 c5 2.Nf3 Nc6 3.d4 cxd4 4.Nxd4 Qb6 5.Nb3 Nf6 6.Nc3 e6 7.Be3 Qc7 8.a3 Be7 9.g3
O-O 10.Bg2 d6 11.O-O a6 12.a4 b6 13.f4 Bb7 14.h3 Nd7 15.Re1 Nc5 16.Nd4 Bf6 17.Kh2
Rac8 18.Bg1 Rfe8 19.Re2 Be7 20.Nxc6 Bxc6 21.Qd2 Red8 22.b3 Bb7 23.Nd1 Bf6 24.Rb1 b5
25.axb5 axb5 26.Nf2 Ra8 27.Ng4 Be7 28.Qb4 Ra2 29.Rbe1 d5 30.exd5 Nd3 31.Qxb5 Nxe1
32.Bb6 Qd7 33.Qxd7 Rxd7 34.Rxe1 Bxd5 35.Ne3 Bxg2 36.Kxg2 Rb7 37.Bd4 Rxb3 38.Kf3 Rxc2 0-1

[Event "2. Bundesliga Mitte 2016/2017"]
[Site "Leoben, Wolfsberg/Taufkirchen/Fuerstenfeld, Grieskirchen, St. Veit"]
[Date "2016.10.09"]
[Round "3"]
[Board "3"]
[White "Kuba, Guenter"]
[Black "Mittermayr, Gerhard"]
[Result "1/2-1/2"]
[WhiteElo "2329"]
[BlackElo "2092"]
[PlyCount "65"]
[EventDate "2016.10.07"]
[EventType "team"]
[EventRounds "11"]
[EventCountry "AUT"]
[WhiteTeam "SPG Spk. Fuerstenfeld/Hartberg"]
[BlackTeam "SV Gmunden"]

1.e4 e6 2.Nf3 d5 3.Nc3 Nf6 4.e5 Ne4 5.Ne2 Be7 6.d3 Ng5 7.Nxg5 Bxg5 8.Bxg5 Qxg5 9.f4
Qe7 10.Qd2 c5 11.O-O-O Nc6 12.h4 b5 13.h5 b4 14.g4 a5 15.Bg2 a4 16.Kb1 a3 17.b3 Nd4
18.Ng3 Ba6 19.f5 O-O-O 20.Rde1 Rd7 21.Qe3 Rhd8 22.Ref1 Nb5 23.h6 Nc3+ 24.Ka1 g6 25.fxg6
fxg6 26.Rf6 d4 27.Qf2 c4 28.Qd2 cxd3 29.cxd3 Rc7 30.g5 Kb8 31.Rc1 Rdc8 32.Rff1 Rc5
33.Rfe1 1/2-1/2

[Event "2. Bundesliga Mitte 2016/2017"]
[Site "Leoben, Wolfsberg/Taufkirchen/Fuerstenfeld, Grieskirchen, St. Veit"]
[Date "2016.10.09"]
[Round "3"]
[Board "4"]
[White "Haas, Michael"]
[Black "Csonka, Attila"]
[Result "1/2-1/2"]
[WhiteElo "2046"]
[BlackElo "2346"]
[PlyCount "116"]
[EventDate "2016.10.07"]
[EventType "team"]
[EventRounds "11"]
[EventCountry "AUT"]
[WhiteTeam "SV Gmunden"]
[BlackTeam "SPG Spk. Fuerstenfeld/Hartberg"]

1.d4 Nf6 2.Nf3 e6 3.Nbd2 d5 4.e3 Be7 5.Bd3 b6 6.Qe2 Bb7 7.e4 dxe4 8.Nxe4 h6 9.c3 Nbd7
10.Ne5 O-O 11.O-O c5 12.Nxd7 Qxd7 13.Nxf6+ Bxf6 14.dxc5 Qd5 15.f3 Qxc5+ 16.Be3 Qh5
17.Bf4 Rfd8 18.Rfd1 Qc5+ 19.Be3 Qc7 20.Bc2 Be5 21.g3 Rac8 22.a4 Bc6 23.Qf2 Qb7 24.Rf1
Rd7 25.Qe2 Bf6 26.a5 b5 27.a6 Qb8 28.Rad1 Rcd8 29.Rxd7 Rxd7 30.Rd1 Rxd1+ 31.Qxd1 h5
32.Be4 Bxe4 33.fxe4 h4 34.Kg2 Qa8 35.Kf3 Qc6 36.Qa1 hxg3 37.hxg3 Qd7 38.Qf1 Be5 39.Qf2
Qc6 40.Bxa7 Qxa6 41.Bd4 Bd6 42.Qd2 f6 43.Be3 Qc6 44.Bf4 Be7 45.Qd3 Kf7 46.Kf2 Qb7
47.Qd1 Qxe4 48.Qh5+ g6 49.Qxb5 g5 50.Be3 f5 51.Qd7 g4 52.Qd1 e5 53.b4 Qc4 54.Qd7 Qa2+
55.Kg1 Qb1+ 56.Kf2 Qa2+ 57.Kg1 Qb1+ 58.Kf2 Qa2+ 1/2-1/2

[Event "2. Bundesliga Mitte 2016/2017"]
[Site "Leoben, Wolfsberg/Taufkirchen/Fuerstenfeld, Grieskirchen, St. Veit"]
[Date "2016.10.09"]
[Round "3"]
[Board "5"]
[White "Stradner, Stefan"]
[Black "Topf, Christian"]
[Result "1/2-1/2"]
[WhiteElo "2168"]
[BlackElo "1992"]
[PlyCount "53"]
[EventDate "2016.10.07"]
[EventType "team"]
[EventRounds "11"]
[EventCountry "AUT"]
[WhiteTeam "SPG Spk. Fuerstenfeld/Hartberg"]
[BlackTeam "SV Gmunden"]

1.g3 c6 2.Bg2 d5 3.Nf3 Nf6 4.c4 e6 5.b3 Be7 6.O-O O-O 7.Bb2 Nbd7 8.d4 b6 9.Qc2 Bb7
10.Nbd2 Rc8 11.e4 dxe4 12.Nxe4 Nxe4 13.Qxe4 Nf6 14.Qe2 c5 15.Rad1 Qc7 16.Rfe1 cxd4
17.Nxd4 Bxg2 18.Kxg2 Qb7+ 19.Qf3 Qxf3+ 20.Kxf3 Rfd8 21.Nb5 a6 22.Rxd8+ Rxd8 23.Nc3
Rd2 24.Re2 Rd3+ 25.Re3 Rd2 26.Re2 Rd3+ 27.Re3 1/2-1/2

[Event "2. Bundesliga Mitte 2016/2017"]
[Site "Leoben, Wolfsberg/Taufkirchen/Fuerstenfeld, Grieskirchen, St. Veit"]
[Date "2016.10.09"]
[Round "3"]
[Board "6"]
[White "Schoegl, Alois"]
[Black "Hatzl, Johannes"]
[Result "0-1"]
[WhiteElo "1984"]
[BlackElo "2095"]
[PlyCount "68"]
[EventDate "2016.10.07"]
[EventType "team"]
[EventRounds "11"]
[EventCountry "AUT"]
[WhiteTeam "SV Gmunden"]
[BlackTeam "SPG Spk. Fuerstenfeld/Hartberg"]

1.Nc3 e5 2.d3 d5 3.e4 dxe4 4.Nxe4 Nf6 5.Bg5 Be7 6.Bxf6 Bxf6 7.h3 Be7 8.Nf3 Nc6 9.Be2
O-O 10.Qd2 f6 11.a3 Be6 12.Rd1 Nd4 13.Nxd4 Qxd4 14.Qc3 Qb6 15.Bf3 Rad8 16.b4 c6 17.O-O
Bd5 18.Qb2 a5 19.Rb1 axb4 20.axb4 f5 21.Nd2 Bf6 22.Bxd5+ cxd5 23.Qb3 Kh8 24.Rfd1 e4
25.c4 e3 26.c5 exf2+ 27.Kxf2 Bd4+ 28.Kf1 Qc7 29.Nf3 Qf4 30.h4 g5 31.hxg5 Rg8 32.Rd2
Rxg5 33.Qc2 Qxf3+ 34.gxf3 Rg1+ 0-1

[Event "2. Bundesliga Mitte 2016/2017"]
[Site "Leoben, Wolfsberg/Taufkirchen/Fuerstenfeld, Grieskirchen, St. Veit"]
[Date "2016.10.09"]
[Round "3"]
[Board "1"]
[White "Reichmann, Egon"]
[Black "Weiss, Christian"]
[Result "1-0"]
[WhiteElo "2266"]
[BlackElo "2360"]
[PlyCount "87"]
[EventDate "2016.10.07"]
[EventType "team"]
[EventRounds "11"]
[EventCountry "AUT"]
[WhiteTeam "SV Wolfsberg"]
[BlackTeam "Union Ansfelden"]

1.d4 c5 2.d5 e6 3.Nc3 a6 4.a4 d6 5.e4 Nf6 6.Nf3 Be7 7.Be2 O-O 8.O-O exd5 9.exd5 Bf5
10.h3 Ne8 11.Nd2 g5 12.Nc4 Bg6 13.f4 gxf4 14.Bxf4 Nd7 15.a5 Qc7 16.Kh1 Ng7 17.Na4
Rad8 18.c3 Ne5 19.Nab6 Be4 20.Qd2 Ng6 21.Bh2 Nh4 22.Rf2 f5 23.Bd3 Bxd3 24.Qxd3 Ng6
25.Raf1 Rde8 26.Ne3 Bh4 27.Rf3 f4 28.Bxf4 Nxf4 29.Rxf4 Rxf4 30.Rxf4 Bg5 31.Rf3 Bxe3
32.Rxe3 Rf8 33.Rf3 Rxf3 34.Qxf3 Qe7 35.Qg4 h5 36.Qf4 Ne8 37.Nc4 Kh7 38.Kh2 Nf6 39.Qxd6
Qxd6+ 40.Nxd6 Nxd5 41.c4 Ne3 42.Kg3 Kg6 43.Kf3 Nf1 44.Ke2 1-0

[Event "2. Bundesliga Mitte 2016/2017"]
[Site "Leoben, Wolfsberg/Taufkirchen/Fuerstenfeld, Grieskirchen, St. Veit"]
[Date "2016.10.09"]
[Round "3"]
[Board "2"]
[White "Knoll, Hermann"]
[Black "Toefferl, Heimo"]
[Result "1-0"]
[WhiteElo "2329"]
[BlackElo "2096"]
[PlyCount "51"]
[EventDate "2016.10.07"]
[EventType "team"]
[EventRounds "11"]
[EventCountry "AUT"]
[WhiteTeam "Union Ansfelden"]
[BlackTeam "SV Wolfsberg"]

1.c4 e6 2.Nf3 d5 3.g3 c6 4.Bg2 Bd6 5.d3 f5 6.O-O Nf6 7.Nc3 O-O 8.cxd5 exd5 9.e4 fxe4
10.dxe4 Nxe4 11.Nxe4 dxe4 12.Ng5 Be7 13.Nxe4 Be6 14.Be3 Nd7 15.Qc2 Bd5 16.Rad1 Qe8
17.f4 Qg6 18.Rf2 Rae8 19.Nc3 Qxc2 20.Bxd5+ cxd5 21.Rxc2 Nf6 22.Bxa7 Ra8 23.Bd4 Rfc8
24.Re2 Kf7 25.Bxf6 gxf6 26.Rxd5 1-0

[Event "2. Bundesliga Mitte 2016/2017"]
[Site "Leoben, Wolfsberg/Taufkirchen/Fuerstenfeld, Grieskirchen, St. Veit"]
[Date "2016.10.09"]
[Round "3"]
[Board "3"]
[White "Stagl, Marco"]
[Black "Moser, Guenter"]
[Result "0-1"]
[WhiteElo "2103"]
[BlackElo "2302"]
[PlyCount "66"]
[EventDate "2016.10.07"]
[EventType "team"]
[EventRounds "11"]
[EventCountry "AUT"]
[WhiteTeam "SV Wolfsberg"]
[BlackTeam "Union Ansfelden"]

1.d4 f5 2.c4 Nf6 3.Nc3 g6 4.h4 Bg7 5.h5 d6 6.h6 Bf8 7.Nf3 e6 8.g3 Be7 9.Bg2 O-O 10.d5
e5 11.Ng5 Ne8 12.Nh3 Nd7 13.e4 Nc5 14.Be3 Nxe4 15.Nxe4 fxe4 16.Qd2 Bf5 17.Ng5 Bxg5
18.Bxg5 Qd7 19.Rh4 Nf6 20.Bxf6 Rxf6 21.Qe2 Qa4 22.g4 Qb4+ 23.Kf1 Bd7 24.a3 Qb6 25.Kg1
Rf4 26.Bxe4 Qd4 27.Re1 Raf8 28.Rh2 Rxg4+ 29.Kh1 Bf5 30.Bxf5 Rxf5 31.Rd1 Qxc4 32.Qe3
Rd4 33.Rxd4 Qf1# 0-1

[Event "2. Bundesliga Mitte 2016/2017"]
[Site "Leoben, Wolfsberg/Taufkirchen/Fuerstenfeld, Grieskirchen, St. Veit"]
[Date "2016.10.09"]
[Round "3"]
[Board "4"]
[White "Ennsberger, Ulrich"]
[Black "Kerschbaumer, Johannes"]
[Result "1-0"]
[WhiteElo "2255"]
[BlackElo "2069"]
[PlyCount "47"]
[EventDate "2016.10.07"]
[EventType "team"]
[EventRounds "11"]
[EventCountry "AUT"]
[WhiteTeam "Union Ansfelden"]
[BlackTeam "SV Wolfsberg"]

1.d4 d5 2.Bf4 Nf6 3.Nf3 Bf5 4.c4 c6 5.e3 Qb6 6.Qb3 dxc4 7.Bxc4 Qxb3 8.Bxb3 Nd5 9.Bxd5
cxd5 10.Nc3 e6 11.Nb5 Na6 12.Rc1 Bb4+ 13.Ke2 O-O 14.a3 Be7 15.Rc3 e5 16.Nxe5 Rfe8
17.Rhc1 h5 18.h4 f6 19.Nd3 Bd7 20.a4 Nb4 21.Nc7 Na2 22.Nxa8 Nxc1+ 23.Rxc1 Rxa8 24.Rc7 1-0

[Event "2. Bundesliga Mitte 2016/2017"]
[Site "Leoben, Wolfsberg/Taufkirchen/Fuerstenfeld, Grieskirchen, St. Veit"]
[Date "2016.10.09"]
[Round "3"]
[Board "5"]
[White "Schoenangerer, Herbert"]
[Black "Windhager, Hannes"]
[Result "0-1"]
[WhiteElo "2097"]
[BlackElo "2167"]
[PlyCount "52"]
[EventDate "2016.10.07"]
[EventType "team"]
[EventRounds "11"]
[EventCountry "AUT"]
[WhiteTeam "SV Wolfsberg"]
[BlackTeam "Union Ansfelden"]

1.e4 c5 2.Nc3 Nc6 3.g3 g6 4.Bg2 Bg7 5.d3 d6 6.f4 Nd4 7.Nf3 Bg4 8.O-O Qd7 9.Be3 Nh6
10.Qd2 Bxf3 11.Bxf3 Nxf3+ 12.Rxf3 Ng4 13.Kg2 Nxe3+ 14.Qxe3 O-O-O 15.f5 h5 16.h3 Bd4
17.Qd2 Rdg8 18.Ne2 Be5 19.c3 gxf5 20.Rxf5 Bxg3 21.Nxg3 h4 22.Rg5 f6 23.Rf5 Rxg3+ 24.Kh2
Rhg8 25.Raf1 Qe8 26.R1f2 Qg6 0-1

[Event "2. Bundesliga Mitte 2016/2017"]
[Site "Leoben, Wolfsberg/Taufkirchen/Fuerstenfeld, Grieskirchen, St. Veit"]
[Date "2016.10.09"]
[Round "3"]
[Board "6"]
[White "Mostbauer, Maximilian"]
[Black "Heindl, Matthias"]
[Result "1-0"]
[WhiteElo "2102"]
[BlackElo "2106"]
[PlyCount "79"]
[EventDate "2016.10.07"]
[EventType "team"]
[EventRounds "11"]
[EventCountry "AUT"]
[WhiteTeam "Union Ansfelden"]
[BlackTeam "SV Wolfsberg"]

1.d4 d5 2.Nf3 Nf6 3.e3 Bf5 4.Bd3 Bg6 5.O-O e6 6.b3 Nbd7 7.Bb2 Bd6 8.Ne5 Bxd3 9.Qxd3
Bxe5 10.dxe5 Ng4 11.f4 Qh4 12.h3 h5 13.Nd2 Nh6 14.c4 O-O-O 15.cxd5 Nc5 16.Qc2 Rxd5
17.e4 Rxd2 18.Qxd2 Ng4 19.Qe1 Qe7 20.hxg4 Nd3 21.Qe3 hxg4 22.g3 Nxb2 23.Rf2 Qa3 24.Qc3
Na4 25.Qa5 Qc5 26.Qe1 Nb6 27.Rd1 g6 28.Kg2 Qc6 29.Rc1 Qe8 30.Qe2 Nd7 31.Qxg4 f5 32.Qf3
g5 33.exf5 exf5 34.fxg5 Qxe5 35.Qxf5 Qd4 36.Rh1 Rf8 37.Qxf8+ Nxf8 38.Rxf8+ Kd7 39.Rh7+
Ke6 40.Rf6+ 1-0

[Event "2. Bundesliga Mitte 2016/2017"]
[Site "Leoben, Wolfsberg/Taufkirchen/Fuerstenfeld, Grieskirchen, St. Veit"]
[Date "2016.10.09"]
[Round "3"]
[Board "1"]
[White "Nemeth, Miklos"]
[Black "Huber, Martin Christian"]
[Result "1/2-1/2"]
[WhiteElo "2452"]
[BlackElo "2412"]
[PlyCount "60"]
[EventDate "2016.10.07"]
[EventType "team"]
[EventRounds "11"]
[EventCountry "AUT"]
[WhiteTeam "Leoben"]
[BlackTeam "Schachfreunde Graz"]

1.e4 e6 2.d4 d5 3.Nd2 c5 4.exd5 Qxd5 5.Ngf3 cxd4 6.Bc4 Qd8 7.O-O a6 8.a4 Nc6 9.Nb3
Be7 10.Qe2 Bf6 11.Rd1 Nge7 12.c3 O-O 13.Nbxd4 Nxd4 14.cxd4 b6 15.Ne5 Nd5 16.Ra3 Bb7
17.Rh3 g6 18.Bd3 Ne7 19.Qg4 Nf5 20.Bc4 Bd5 21.Bd3 Bg7 22.Bb1 Rc8 23.Rc3 Qd6 24.Bxf5
exf5 25.Qe2 Bb7 26.Bf4 Qd5 27.Qf3 Rxc3 28.Qxd5 Bxd5 29.bxc3 Rc8 30.Bd2 Bb3 1/2-1/2

[Event "2. Bundesliga Mitte 2016/2017"]
[Site "Leoben, Wolfsberg/Taufkirchen/Fuerstenfeld, Grieskirchen, St. Veit"]
[Date "2016.10.09"]
[Round "3"]
[Board "2"]
[White "Schnider, Gert"]
[Black "Baumegger, Siegfried"]
[Result "1/2-1/2"]
[WhiteElo "2404"]
[BlackElo "2444"]
[PlyCount "41"]
[EventDate "2016.10.07"]
[EventType "team"]
[EventRounds "11"]
[EventCountry "AUT"]
[WhiteTeam "Schachfreunde Graz"]
[BlackTeam "Leoben"]

1.d4 Nf6 2.c4 e6 3.Nf3 b6 4.a3 Bb7 5.Nc3 d5 6.cxd5 exd5 7.Bg5 Be7 8.e3 O-O 9.Bd3 Nbd7
10.O-O h6 11.Bh4 c5 12.Rc1 a6 13.Bb1 Re8 14.Re1 c4 15.Ne5 b5 16.f4 Nf8 17.Qf3 N6d7
18.Bg3 Nf6 19.Bh4 N6d7 20.Bg3 Nf6 21.Bh4 1/2-1/2

[Event "2. Bundesliga Mitte 2016/2017"]
[Site "Leoben, Wolfsberg/Taufkirchen/Fuerstenfeld, Grieskirchen, St. Veit"]
[Date "2016.10.09"]
[Round "3"]
[Board "3"]
[White "Enoeckl, Philipp"]
[Black "Mikanovic, Sandro"]
[Result "1/2-1/2"]
[WhiteElo "2289"]
[BlackElo "2240"]
[PlyCount "80"]
[EventDate "2016.10.07"]
[EventType "team"]
[EventRounds "11"]
[EventCountry "AUT"]
[WhiteTeam "Leoben"]
[BlackTeam "Schachfreunde Graz"]

1.d4 e6 2.c4 d5 3.Nc3 Nf6 4.Bg5 Be7 5.e3 Nbd7 6.Nf3 O-O 7.Rc1 c6 8.Qc2 h6 9.Bh4 Re8
10.a3 Qa5 11.Be2 Ne4 12.Bxe7 Rxe7 13.O-O Nxc3 14.Qxc3 Qxc3 15.Rxc3 Nb6 16.c5 Nd7 17.b4
a6 18.a4 e5 19.h3 g6 20.Rb1 Kg7 21.Kf1 Ra7 22.Rcc1 e4 23.Ne1 Nf8 24.b5 axb5 25.axb5
Bd7 26.b6 Ra8 27.Ra1 Ree8 28.Rcb1 Rxa1 29.Rxa1 Kf6 30.Ra7 Rb8 31.Nc2 Ne6 32.Bg4 h5
33.Bxe6 Kxe6 34.Na1 h4 35.Nb3 f6 36.Na5 Bc8 37.Ke2 f5 38.f4 exf3+ 39.Kxf3 Kf6 40.g3
Kg5 1/2-1/2

[Event "2. Bundesliga Mitte 2016/2017"]
[Site "Leoben, Wolfsberg/Taufkirchen/Fuerstenfeld, Grieskirchen, St. Veit"]
[Date "2016.10.09"]
[Round "3"]
[Board "4"]
[White "Kravanja, Georg"]
[Black "Dietmayer-Kraeutler, Marco"]
[Result "1-0"]
[WhiteElo "2246"]
[BlackElo "2244"]
[PlyCount "55"]
[EventDate "2016.10.07"]
[EventType "team"]
[EventRounds "11"]
[EventCountry "AUT"]
[WhiteTeam "Schachfreunde Graz"]
[BlackTeam "Leoben"]

1.d4 d5 2.c4 e6 3.Nf3 Nf6 4.g3 Nbd7 5.Bg2 dxc4 6.O-O c6 7.a4 b5 8.axb5 cxb5 9.Ne5
Nd5 10.Nc6 Qb6 11.e4 Nb4 12.Na5 Nf6 13.b3 c3 14.Nxc3 Bd7 15.d5 e5 16.Nc6 Nxc6 17.dxc6
Qxc6 18.Nd5 Bc5 19.Ra6 Qb7 20.Nxf6+ gxf6 21.Rxf6 Be6 22.Rxe6+ fxe6 23.Qh5+ Kd7 24.Qxe5
Qc7 25.Rd1+ Kc6 26.Qxe6+ Kb7 27.Rd7 Bxf2+ 28.Kxf2 1-0

[Event "2. Bundesliga Mitte 2016/2017"]
[Site "Leoben, Wolfsberg/Taufkirchen/Fuerstenfeld, Grieskirchen, St. Veit"]
[Date "2016.10.09"]
[Round "3"]
[Board "5"]
[White "Sandner, Wolfgang"]
[Black "Teuschler, Barbara"]
[Result "1/2-1/2"]
[WhiteElo "2256"]
[BlackElo "2212"]
[PlyCount "85"]
[EventDate "2016.10.07"]
[EventType "team"]
[EventRounds "11"]
[EventCountry "AUT"]
[WhiteTeam "Leoben"]
[BlackTeam "Schachfreunde Graz"]

1.e4 e5 2.Nf3 Nc6 3.Bb5 a6 4.Ba4 Nf6 5.O-O b5 6.Bb3 Be7 7.Re1 d6 8.c3 O-O 9.d3 Na5
10.Bc2 c5 11.Bg5 h6 12.Bh4 Nh5 13.Bg3 Nxg3 14.fxg3 Bf6 15.Nbd2 Nc6 16.Bb3 Be6 17.a4
Rb8 18.axb5 axb5 19.Bxe6 fxe6 20.Qb3 Qd7 21.Ra6 Kh8 22.Rea1 Rfc8 23.Qd1 d5 24.Qe2
Qc7 25.Ne1 Rb6 26.Qg4 Rxa6 27.Rxa6 Qb7 28.Ra1 Re8 29.Qg6 Qc8 30.Nef3 Rf8 31.Qg4 Kh7
32.h4 c4 33.dxc4 bxc4 34.Ng5+ Bxg5 35.hxg5 Qe8 36.Ra6 Qc8 37.g6+ Kh8 38.Ra4 Qe8 39.Ra6
Rf6 40.Nf3 Qc8 41.Ra1 Qe8 42.Ra6 Qc8 43.Ra1 1/2-1/2

[Event "2. Bundesliga Mitte 2016/2017"]
[Site "Leoben, Wolfsberg/Taufkirchen/Fuerstenfeld, Grieskirchen, St. Veit"]
[Date "2016.10.09"]
[Round "3"]
[Board "6"]
[White "Kastner, Walter"]
[Black "Schein, Karl-Heinz"]
[Result "1-0"]
[WhiteElo "2178"]
[BlackElo "2186"]
[PlyCount "80"]
[EventDate "2016.10.07"]
[EventType "team"]
[EventRounds "11"]
[EventCountry "AUT"]
[WhiteTeam "Schachfreunde Graz"]
[BlackTeam "Leoben"]

1.e4 e6 2.d4 d5 3.Nc3 Bb4 4.exd5 exd5 5.Bd3 Nc6 6.a3 Be7 7.Nce2 Nf6 8.h3 O-O 9.Nf3
Re8 10.O-O h6 11.Re1 Bd6 12.c3 Ne7 13.Qc2 c6 14.Bf4 Bxf4 15.Nxf4 Bd7 16.Ne2 Nc8 17.Ng3
Rxe1+ 18.Rxe1 Nd6 19.Ne5 Rc8 20.Qd2 Be6 21.Qf4 Nc4 22.Re2 Qb6 23.Nf5 Bxf5 24.Qxf5
Nd6 25.Qf4 c5 26.Bf5 Rd8 27.dxc5 Qxc5 28.Bd3 b5 29.Nf3 a5 30.Qd4 Qc7 31.a4 bxa4 32.Qxa4
Rb8 33.Nd4 Nc4 34.Bxc4 dxc4 35.Nc6 Rb6 36.Ne7+ Kh8 37.Qxa5 Qb8 38.Rd2 Ne4 39.Rd4 Rd6
40.Qe5 Qxb2 1-0

[Event "2. Bundesliga Mitte 2016/2017"]
[Site "Leoben, Wolfsberg/Taufkirchen/Fuerstenfeld, Grieskirchen, St. Veit"]
[Date "2016.11.12"]
[Round "4"]
[Board "1"]
[White "Schmidt, Peter"]
[Black "Haba, Petr"]
[Result "0-1"]
[WhiteElo "2383"]
[BlackElo "2457"]
[PlyCount "106"]
[EventDate "2016.10.07"]
[EventType "team"]
[EventRounds "11"]
[EventCountry "AUT"]
[WhiteTeam "SPG Sauwald"]
[BlackTeam "Spg. Grieskirchen/Schallerbach"]

1. Nf3 d5 2. g3 Nf6 3. Bg2 e6 4. O-O Be7 5. d4 b5 6. a4 b4 7. c4 bxc3 8. bxc3
O-O 9. c4 c6 10. Nbd2 Ba6 11. Qc2 Nbd7 12. Ba3 Rc8 13. Bxe7 Qxe7 14. Qc3 c5 15.
Rfc1 dxc4 16. Nxc4 cxd4 17. Qxd4 Qc5 18. Qxc5 Rxc5 19. Nce5 Rfc8 20. Rxc5 Rxc5
21. Nxd7 Nxd7 22. Nd4 Rc7 23. Rb1 g6 24. e3 e5 25. Nc6 Bd3 26. Rd1 e4 27. Nb4
Rc3 28. f3 Nc5 29. fxe4 Bxe4 30. Bxe4 Nxe4 31. a5 Ra3 32. a6 Ra4 33. Rd4 Nc5
34. Nd5 Rxa6 35. e4 Ra1+ 36. Kg2 Ra2+ 37. Kf3 Kg7 38. e5 Ra3+ 39. Ke2 Ra2+ 40.
Ke3 Ra3+ 41. Ke2 Ra4 42. Ke3 Rxd4 43. Kxd4 Ne6+ 44. Ke4 a5 45. Nb6 Kh6 46. Kd5
Kg5 47. Kd6 Kf5 48. Ke7 Ng5 49. h4 Nf3 50. g4+ Kxg4 51. Nc4 a4 52. Kxf7 Nxe5+
53. Nxe5+ Kxh4 0-1